Statistics for Pokemon by their signature move.

Click here to take the quiz!

General Stats

  • This quiz has been taken 20 times
  • The average score is 7 of 10

Answer Stats

MoveAnswer% Correct
Rage FistAnnihilape
100%
Pyro BallCinderace
100%
Dark VoidDarkrai
100%
Dragon DartsDragapult
100%
Etreme EevoboostEevee
100%
Dynamax CannonEternatus
100%
Fiery WrathGalarian Moltres
100%
G-Max BefuddleG-Max Butterfree
100%
G-Max FireballG-Max Cinderace
100%
G-Max DepletionG-Max Duraludon
100%
G-Max MeltdownG-Max Melmetal
100%
G-Max GravitasG-Max Orbeetle
100%
G-Max Rapid FlowG-Max Urshifu Rapid Strike
100%
G-Max Vine LashG-Max Venusaur
100%
DoodeGrafaiai
100%
Precipice BladesGroudon
100%
ShelterHisuian Sliggoo | Hisuian Goodra
100%
Bitter MaliceHisuian Zoroark
100%
Doom DesireJirachi
100%
Secret SwordKeldeo
100%
Origin PulseKyogre
100%
GlaciateKyurem
100%
Splintering StormshardsLycanroc
100%
Fleur CannonMagearna
100%
Spectral ThiefMarshadow
100%
Tidy UpMaushold
100%
PsystrikeMewtwo
100%
Salt CureNaclstack | Garganacl
100%
Prismatic LaserNecrozma
100%
Revelation DanceOricorio
100%
Double ShockPawmot
100%
Oceanic OperaPrimarina
100%
Sparkling AriaPrimarina
100%
Tirck-or-TreatPumpkaboo | Gourgeist
100%
Dragon EnergyRegidrago
100%
Blue FlareReshiram
100%
Meteor AssultSirfetch'd
100%
Psyshield BashStanler | Wyrdeer
100%
Shell TrapTurtonator
100%
Wicked BlowUrshifu-Single Strike
100%
Spin OutVaroom | Revavroom
100%
Oblivion WingYveltal
100%
Jungle HealingZarude
100%
Thousand ArrowsZygarde
100%
Core EnforcerZygarde
100%
Shadow ForceGiratina
50%
G-Max Volt CrashG-Max Pikachu
50%
Magic PowderHatterene
50%
Genesis SupernovaMew
50%
Dragon AscentRayquaza
50%
Dire ClawSneasler
50%
King's ShieldAegislash
0%
Stoked SparksurferAlolan Raichu
0%
Apple AcidAppletun
0%
JudgementArcues
0%
Armour CannonArmarouge
0%
Glaive RushBaxcalibur
0%
Mind BlownBlacephalon
0%
Bittler BladeCeruledge
0%
Tar ShotCoalossal
0%
Floral HealingComfey
0%
Ice HammerCrabominable
0%
Lunar DanceCresselia
0%
Sinister Arrow RaidDecidueye
0%
Spirit ShackleDecidueye
0%
Psycho BoostDeoxys
0%
Anchor ShotDhelmise
0%
Roar of TimeDialga
0%
Diamond StormDiance
0%
Order UpDondozo
0%
Springtide StormEnamourus
0%
Lumina CrashEspathra
0%
EternabeamEternatus
0%
No RetreatFalinks
0%
Grav AppleFlapple
0%
Light of RuinFloette Eternal
0%
Freezing GlareGalarian Articuno
0%
Shell Side ArmGalarian Slowbro
0%
Eerie SpellGalarian Slowking
0%
Snap TrapGalarian Stunfisk
0%
Thunderous KickGalarian Zapdos
0%
Techno BlastGenesect
0%
Make it RainGholdengo
0%
Twin BeamGirafarig | Farigiraf
0%
Mortal SpinGlimora
0%
G-Max FinaleG-Max Alcremie
0%
G-Max SweetnessG-Max Appletun
0%
G-Max CannonadeG-Max Blastoise
0%
G-Max CentifernoG-Max Centiskorch
0%
G-Max WildfireG-Max Charizard
0%
G-Max VolcalithG-Max Coalossal
0%
G-Max SteelsurgeG-Max Copperajah
0%
G-Max Wind RageG-Max Corviknight
0%
G-Max StonesurgeG-Max Drednaw
0%
G-Max CuddleG-Max Eevee
0%
G-Max TartnessG-Max Flapple
0%
G-Max MalodorG-Max Garbodor
0%
G-Max TerrorG-Max Gengar
0%
G-Max SnoozeG-Max Grimmsnarl
0%
G-Max SmiteG-Max Hatterene
0%
G-Max HydrosnipeG-Max Inteleon
0%
G-Max Foam BurstG-Max Kingler
0%
G-Max ResonanceG-Max Lapras
0%
G-Max Chi StrikeG-Max Machamp
0%
G-Max Gold RushG-Max Meowth
0%
G-Max Drum SoloG-Max Rillaboom
0%
G-Max SandblastG-Max Sandaconda
0%
G-Max ReplenishG-Max Snorlax
0%
G-Max Stun ShockG-Max Toxtricity
0%
G-Max One BlowG-Max Urshifu-Single Strike
0%
OctolockGrapplock
0%
Water ShurikenGreninja | Ash-Greninja
0%
Flying PressHawlucha
0%
Magma StormHeatran
0%
Esper WingHisuian Braviary
0%
Triple ArrowsHisuian Decidueye
0%
ChloroblastHisuian Electrode
0%
Victory DanceHisuian Liligant
0%
Ceaseless EdgeHisuian Samurott
0%
Infernal ParadeHisuian Typhlosion
0%
Hyperspace HoleHoopa
0%
Hyperspace FuryHoopa
0%
Malicious MoonsaultIncineroar
0%
Snipe ShotInteleon
0%
Kowtow CleaveKingambit
0%
Stone AxeKleavor
0%
Clangourus SoulKommo-o
0%
Clanging ScalesKommo-o
0%
Clangourus SoulblazeKommo-o
0%
Collision CourseKoraidon
0%
Mist BallLatias
0%
Luster PurgeLatios
0%
AeroblastLugia
0%
AccelerockLycanroc
0%
Soul Stealing 7 Star StrikeMarshadow
0%
Double Iron BashMelmetal
0%
Relic SongMeloetta
0%
Flower TrickMeowscarada
0%
Let's Snuggle ForeverMimikyu
0%
Electro DriftMiraidon
0%
False SurrenderMorgrem | Grimmsnarl
0%
Aura WheelMorpeko
0%
Photon GeyserNecrozma
0%
ObstructObstagoon
0%
InstructOranguru
0%
Barb BarrageOverqwil
0%
Jet PunchPalafin
0%
Spacial RendPalkia
0%
Forrest's CursePhantump | Trevenant
0%
Volt CrashPichu | Pikachu | Raichu
0%
CatastropikaPikachu
0%
1,000,000 Volt ThunderboltPikachu-Cap
0%
Aqua StepQuaquaval
0%
Thunder CageRegieleki
0%
Crush GripRegigigas
0%
Drum BeatingRillaboom
0%
Shore UpSandygast | Palosand
0%
Spicy ExtractScovillan
0%
Seed FlareShaymin
0%
Multi-AttackSilvally
0%
Torch SongSkeledirge
0%
Pulverising PancakeSnorlax
0%
Silk TrapSpidops
0%
Population BombTaundemaus | Maushold
0%
Raging BullTauros | Paldean Tauros
0%
Gigaton HammerTinkaton
0%
Baneful BunkerToxapex
0%
OverdriveToxtricity
0%
Trop KickTsareena
0%
Light That Burns the SkyUltra-Necrozma
0%
Surging StrikesUrshifu-Rapid Strike
0%
Fillet AwayVeluza
0%
V-CreateVictini
0%
Steam EruptionVolcanion
0%
Triple DiveWugtrio
0%
GeomancyXerneas
0%
Behemoth BladeZacian-Crowned
0%
Behemoth BashZamazenta-Crowned
0%
Bolt StrikeZekrom
0%
Plasma FistsZeraora
0%
Land's WrathZygarde
0%
Thousand WavesZygarde
0%

Score Distribution

Percentile by Number Answered

Percent of People with Each Score

Your Score History

You have not taken this quiz